Visualizzazione normale
Vista MARC
- Ferrari M., Bernacchia R., Moioli M., Fronza Crepaz M., Assi E
di Personal Name
Records bibliografici associati: 1
001 - CONTROL NUMBER
- control field: 61750
003 - CONTROL NUMBER IDENTIFIER
- control field:
005 - DATE AND TIME OF LATEST TRANSACTION
- control field: 20250303151143.0
008 - FIXED-LENGTH DATA ELEMENTS
- fixed length control field: 250303|| aca||aabn | a|a d
040 ## - CATALOGING SOURCE
- Original cataloging agency:
- Transcribing agency:
100 ## - HEADING--PERSONAL NAME
- Personal name: Ferrari M., Bernacchia R., Moioli M., Fronza Crepaz M., Assi E
670 ## - SOURCE DATA FOUND
- Source citation: Work cat.: ()209076: Alessandrini Giorgio (et al.) 61749, Famiglia, diventa ciò che sei., 1990